La comunicación política: un espacio de confrontación /

שמור ב:
מידע ביבליוגרפי
מחבר ראשי: Mendé, María Belén
מחבר תאגידי: e-libro, Corp
מחברים אחרים: Smith, Cintia
פורמט: Article
שפה:ספרדית
יצא לאור: Andalucía (España) : Colegio Andaluz para la Educación en Medios de Comunicación, 1999.
נושאים:
גישה מקוונת:https://elibro.unach.elogim.com/es/lc/unach/titulos/15740
תגים: הוספת תג
אין תגיות, היה/י הראשונ/ה לתייג את הרשומה!

MARC

LEADER 00000nab a2200000 a 4500
001 ELB15740
003 FlNmELB
006 m o d |
007 cr cn|||||||||
008 201201r1999 sp |||||s|||||||||||spa d
022 |a 1134-3478 
035 |a (OCoLC)955382615 
040 |a FlNmELB  |b spa  |c FlNmELB 
050 4 |a P96  |b M5371 1999 
080 |a 654.19 
082 0 4 |a 070.1  |2 22 
100 1 |a Mendé, María Belén. 
222 0 |a Comunicar 
245 1 3 |a La comunicación política:   |h [recurso electronico]  |b un espacio de confrontación /  |c María Belén Mendé, Cintia Smith. 
260 |a Andalucía (España) :  |b Colegio Andaluz para la Educación en Medios de Comunicación,  |c 1999. 
300 |a 201-208 pp. 
310 |a Semestral 
362 0 |a No. 13(1999)- 
533 |a Recurso electrónico. Santa Fe, Arg.: e-libro, 2015. Disponible vía World Wide Web. El acceso puede estar limitado para las bibliotecas afiliadas a e-libro. 
650 4 |a Performing Arts.  |x Mass media. 
655 4 |a Artículos electrónicos. 
700 1 |a Smith, Cintia. 
710 2 |a e-libro, Corp. 
856 4 0 |u https://elibro.unach.elogim.com/es/lc/unach/titulos/15740